000 01112nam a2200253 c 4500
999 _c61711
_d61711
003 BLK
005 20210210104206.0
008 180408b bul|||||r ||||||| ||bul||
010 _aKNG00065917000
040 _aBLK
041 _aRUS
_cRUS
080 _aОбщи енциклопедии. Енциклопедични речници. Научни справочници. Отраслови енциклопедии и справочници се класират в съответните отдели с определител за форма
_b03
_z03
139 _aЕжегодник Большой советской энциклопедии
_bЕ 35
245 1 0 _aЕжегодник Большой советской энциклопедии
_bВып. 1 -
_nВып. 27
_p1983
260 _bСов. Энциклопедия
_c1957 -
_aМосква
300 _c31 см
380 _a0
760 1 _d1983
_h580 с.
_tВып. 27 1983
852 _aЦб ІІ 29361
_bЦб
856 4 _qpdf
856 4 _qpdf
942 _cKNG
_n0
_s1
944 _aCR
_c13.06.2004
_kНаталия_Медовщикова
944 _aED
_c12.12.2012
999 _d61711